Building For A Changing Culture And Climate : World Atlas Of Sustainable Architecture (Record no. 15869)

MARC details
000 -LEADER
fixed length control field 00411nam a2200145Ia 4500
008 - FIXED-LENGTH DATA ELEMENTS--GENERAL INFORMATION
fixed length control field 220803s9999 xx 000 0 und d
020 ## - INTERNATIONAL STANDARD BOOK NUMBER
International Standard Book Number 9783869222820
041 ## - LANGUAGE CODE
Language code of text/sound track or separate title eng
082 ## - DEWEY DECIMAL CLASSIFICATION NUMBER
Classification number 712.092 PFA
100 ## - MAIN ENTRY--PERSONAL NAME
Personal name Pfammatter U
9 (RLIN) 24997
245 ## - TITLE STATEMENT
Title Building For A Changing Culture And Climate : World Atlas Of Sustainable Architecture
260 ## - PUBLICATION, DISTRIBUTION, ETC. (IMPRINT)
Place of publication, distribution, etc. Berlin
Name of publisher, distributor, etc. Dom Publisher
Date of publication, distribution, etc. 2014
300 ## - PHYSICAL DESCRIPTION
Extent 584p
500 ## - GENERAL NOTE
Keywords LANDS
Holdings
Withdrawn status Lost status Damaged status Not for loan Collection code Home library Current library Date acquired Vendor Cost, normal purchase price Full call number Barcode Date last seen Cost, replacement price Bill Date Koha item type Original Barcode
      Reference Book of M Arch EA Dr. Bhanuben Nanavati College of Architecture Dr. Bhanuben Nanavati College of Architecture 26/08/2015 Principal 5454.00 720.47 PFA BNCA-BK-9444 03/08/2022 5454.00 12/08/2015 Reference book B09444